| 000 | 01380nam a22002777a 4500 | ||
|---|---|---|---|
| 003 | PE SENCICO BE | ||
| 005 | 20251020182633.0 | ||
| 008 | 230307b |||||||| |||| 00| 0 eng d | ||
| 020 | _a978-84-267-1776-4 | ||
| 040 |
_aPE SENCICO BE _cPE SENCICO BE |
||
| 041 | _aspa | ||
| 082 |
_a333.79 _bP45 |
||
| 100 | 1 |
_9763 _aPerales Benito, Tomás _eautor |
|
| 245 | 1 |
_aEl universo de las energías renovables / _cTomás Perales Benito |
|
| 250 | _a1a ed. | ||
| 260 |
_aBogotá : _bAlfaomega, _bMarcombo, _c2014 |
||
| 300 |
_a232 p. : _bil., _c24 cm. |
||
| 504 | _aBibliografía: p. 231-232. | ||
| 505 | 0 | _aCambio climático: situación y perspectivas -- Captura y aprovechamiento del CO2 -- Energías renovables: procedimientos -- Repercusiones económicas y medioambientales -- Condiciones físicas de la luz y el viento -- Procedimiento fotovoltaico -- Procedimiento eolico -- Procedimiento térmico de baja temperatura: ACS -- Procedimiento térmico de alta temperatura -- Procedimiento hidráulico y marino -- Procedimiento geotérmico -- Hidrógeno -- Biomasa -- Instrumentos de medida, análisis y gestión | |
| 650 | 1 | 4 |
_9531 _aEnergías renovables |
| 650 | 2 | 4 |
_9764 _aEnergía eólica |
| 650 | 2 | 4 |
_9765 _aRecursos energéticos renovables |
| 650 | 2 | 4 |
_9766 _aInstalaciones fotovoltaicas |
| 910 |
_bhfp _chfp |
||
| 942 |
_2ddc _cLIB _h333.79 _iP45 |
||
| 999 |
_c4048 _d4048 |
||